Prebishova-Singerova hypotéza a cenový vývoj primárnych komodít

Popis vývoja cien primárnych komodít a teória Prebisha-Singera, ktorá hovorí o vzťahu medzi cenami primárnych komodít a priemyselných výrobkov. Terms of Trade vybraných krajín. Cenový vývoj primárnych komodít. Ceny ropy, ceny agrokomodít.

Uložené v:
Podrobná bibliografia
Hlavný autor: Othmanová, Soňa
Médium: Kapitola
Jazyk:Slovak
Predmet:
Tagy: Pridať tag
Žiadne tagy, Buďte prvý, kto otaguje tento záznam!

MARC

LEADER 00000nla$a2200000$$$4500
001 0147579
005 20240502072650.4
041 0 |a slo 
044 |a SK 
245 1 0 |a Prebishova-Singerova hypotéza a cenový vývoj primárnych komodít  |c Soňa Othmanová 
520 |a Popis vývoja cien primárnych komodít a teória Prebisha-Singera, ktorá hovorí o vzťahu medzi cenami primárnych komodít a priemyselných výrobkov. Terms of Trade vybraných krajín. Cenový vývoj primárnych komodít. Ceny ropy, ceny agrokomodít. 
610 2 0 |a komodity 
610 2 0 |a vývoj cenový 
610 2 0 |a vývoz 
610 2 0 |a dovoz 
610 2 0 |a ropa 
610 2 0 |a výrobky poľnohospodárske 
610 2 0 |a tovar priemyselný 
100 1 |a Othmanová, Soňa